000 00285nam a22001217a 4500
040 _cSY
082 _a631
100 _aអ៊ឹម ឈួន
245 _aដើម្បីយល់ការវិភាគដី
260 _aNA
_bអ៊ឹម
_c1989
300 _a192p.
942 _cKB
999 _c9999
_d9999